Financial Derivatives (Record no. 86260)
[ view plain ]
| 000 -LEADER | |
|---|---|
| fixed length control field | 00395nam a2200157Ia 4500 |
| 008 - FIXED-LENGTH DATA ELEMENTS--GENERAL INFORMATION | |
| fixed length control field | 230125s9999 xx 000 0 und d |
| 020 ## - INTERNATIONAL STANDARD BOOK NUMBER | |
| International Standard Book Number | 978-81-7446-572-6 |
| 041 ## - LANGUAGE CODE | |
| Language code of text/sound track or separate title | eng |
| 082 ## - DEWEY DECIMAL CLASSIFICATION NUMBER | |
| Classification number | 658.152 |
| Item number | MIS |
| 100 ## - MAIN ENTRY--PERSONAL NAME | |
| Personal name | Mishra B |
| 9 (RLIN) | 109569 |
| 245 ## - TITLE STATEMENT | |
| Title | Financial Derivatives |
| 260 ## - PUBLICATION, DISTRIBUTION, ETC. (IMPRINT) | |
| Date of publication, distribution, etc. | 2007 |
| Name of publisher, distributor, etc. | Excel Books |
| Place of publication, distribution, etc. | New Delhi |
| 300 ## - PHYSICAL DESCRIPTION | |
| Extent | 246p |
| 700 ## - ADDED ENTRY--PERSONAL NAME | |
| Personal name | Mishra B & Debasish S S |
| 9 (RLIN) | 109570 |
| 906 ## - LOCAL DATA ELEMENT F, LDF (RLIN) | |
| b | 97 |
| Withdrawn status | Lost status | Damaged status | Not for loan | Home library | Current library | Date acquired | Vendor | Cost, normal purchase price | Full call number | Barcode | Date last seen | Cost, replacement price | Bill Date | Koha item type | Original Barcode | Bill number |
|---|---|---|---|---|---|---|---|---|---|---|---|---|---|---|---|---|
| Withdrawn 2022-23 | Smt. Hiraben Nanavati Institute of Management & Research for Women | Smt. Hiraben Nanavati Institute of Management & Research for Women | 10/12/2016 | Donated Book- Outside Donar | 195.00 | 658.152 MIS DB2689 | HIMR-DB-2689 | 25/01/2023 | 98.00 | 25/01/2023 | Donated Book | DB2689 | ||||
| Withdrawn 2022-23 | Smt. Hiraben Nanavati Institute of Management & Research for Women | Smt. Hiraben Nanavati Institute of Management & Research for Women | 31/03/2008 | Bookland | 195.00 | 658.152 MIS B06348 | HIMR-BK-6348 | 25/01/2023 | 156.00 | 27/03/2008 | Books | B06348 | 6924 |